| 000 | 00667nmm a2200217Ia 4500 | ||
|---|---|---|---|
| 008 | 251105s9999||||xx |||||||||||||||||und|| | ||
| 041 | _aspa | ||
| 100 | _aOng, Walter J. | ||
| 245 | 0 |
_aOralidad y escritura : _b Tecnologías de la palabra |
|
| 264 |
_a[México D.C., Mexico] : _bFondo de Cultura Económica, _c2016 |
||
| 300 | _a341 páginas | ||
| 490 | _aLengua y Estudios Literarios | ||
| 650 | _aCultural Studies | ||
| 700 | _aOng, Walter J. | ||
| 700 | 1 | _a Hartley, John | |
| 700 | 1 | _a Scherp, Angélica | |
| 700 | 1 | _a Ortiz Hernández, Alejandra | |
| 700 | 1 | _a Hartley, John | |
| 856 | _uhttps://public.digitaliapublishing.com/a/64906 | ||
| 942 | _cCF | ||
| 999 |
_c69521 _d69521 |
||